¿Existe Dios? / (Record no. 88581)

MARC details
000 -LEADER
campo de control de longitud fija 00599nam a2200193 i 4500
001 - NÚMERO DE CONTROL
campo de control 88581
003 - IDENTIFICADOR DE NÚMERO DE CONTROL
campo de control ES-MaACL
007 - CAMPO FIJO DE DESCRIPCIÓN FÍSICA--INFORMACIÓN GENERAL
campo de control de longitud fija t|
008 - DATOS DE LONGITUD FIJA--INFORMACIÓN GENERAL
campo de control de longitud fija 050105s1953 sp ||||1| spa d
100 1# - ENTRADA PRINCIPAL--NOMBRE DE PERSONA
Nombre de persona Landucci, Pier Carlo.
9 (RLIN) 69984
245 10 - MENCIÓN DEL TÍTULO
Título ¿Existe Dios? /
Mención de responsabilidad, etc. Pier Carlo Landucci ; traducción de M.V. Monsegú.
260 ## - PUBLICACIÓN, DISTRIBUCIÓN, ETC.
Lugar de publicación, distribución, etc. Madrid :
Nombre del editor, distribuidor, etc. Atenas,
Fecha de publicación, distribución, etc. [1953] (
Fabricante Halar)
300 ## - DESCRIPCIÓN FÍSICA
Extensión 343 p. ;
Dimensiones 22 cm.
490 1# - MENCIÓN DE SERIE
Mención de serie Razonemos nuestra fé. Serie II
700 1# - ENTRADA AGREGADA--NOMBRE PERSONAL
Nombre de persona Monsegú, M. V.
9 (RLIN) 82292
830 0# - PUNTO DE ACCESO ADICIONAL DE SERIE-TÍTULO UNIFORME
Título uniforme Razonemos nuestra fé. Serie II
9 (RLIN) 184062
852 ## - LOCALIZACIÓN
Ubicación ES-MaACL
Número de control de estantería C-5834
Sublocalización o colección R.35010
Holdings
Estatus retirado Estado de pérdida Estado de daño No para préstamo Biblioteca de origen Biblioteca actual Ubicación en estantería Fecha de adquisición Fuente de adquisición Total de préstamos Signatura topográfica completa Código de barras Visto por última vez Precio de reemplazo Tipo de ítem Koha
        Biblioteca del Ateneo de Madrid Biblioteca del Ateneo de Madrid Sala Palomar 17/01/2008     C-5834 1092527 23/02/2023 23/02/2023 Libro impreso